Dohľad Národnej banky Slovenska v oblasti ochrany pre legalizáciou príjmov z trestnej činnosti
Posúdenie právnej úpravy a vzťahu zákonov regulujúcich finančný trh pri ochrane pred legislatívou príjmov z trestnej činnosti a financovaním terorizmu, právomoci Národnej banky Slovenska ako orgánu dohľadu nad finančným trhom a finančnej polície Policajného zboru ako kontrolného orgánu a významu pos...
Saved in:
| Main Author: | |
|---|---|
| Format: | Book Chapter |
| Language: | Slovak |
| Subjects: | |
| Tags: |
No Tags, Be the first to tag this record!
|
MARC
| LEADER | 00000naa$a2200000$$$4500 | ||
|---|---|---|---|
| 001 | 0069263 | ||
| 005 | 20231116083557.2 | ||
| 041 | 0 | |a slo | |
| 044 | |a SK | ||
| 245 | 1 | 0 | |a Dohľad Národnej banky Slovenska v oblasti ochrany pre legalizáciou príjmov z trestnej činnosti |c Ján Vyhnálik |
| 520 | |a Posúdenie právnej úpravy a vzťahu zákonov regulujúcich finančný trh pri ochrane pred legislatívou príjmov z trestnej činnosti a financovaním terorizmu, právomoci Národnej banky Slovenska ako orgánu dohľadu nad finančným trhom a finančnej polície Policajného zboru ako kontrolného orgánu a významu postavenia Národnej banky Slovenska pri výkone dohľadu v oblasti ochrany pred legalizáciou príjmov z trestnej činnosti a financovaním terorizmu. | ||
| 610 | 2 | 0 | |a dohľad bankový |
| 610 | 2 | 0 | |a trh finančný |
| 610 | 2 | 0 | |a terorizmus |
| 610 | 2 | 0 | |a Slovensko |
| 610 | 2 | 0 | |a činnosť trestná |
| 610 | 2 | 0 | |a regulácia trhu |
| 610 | 2 | 0 | |a legislatíva |
| 100 | 1 | |a Vyhnálik, Ján | |